[Event "2. Bundesliga Ost 2014/2015"]
[Site "1020 Wien, Haus des Schachsports, Marathonweg 14"]
[Date "2014.10.18"]
[Round "1"]
[Board "1"]
[White "Michalik, Peter"]
[Black "Videki, Sandor"]
[Result "1/2-1/2"]
[WhiteElo "2570"]
[BlackElo "2380"]
[PlyCount "82"]
[EventDate "2014.10.18"]
[EventType "team"]
[EventRounds "11"]
[EventCountry "AUT"]
[WhiteTeam "ASVOE Pamhagen"]
[BlackTeam "SC Data Technology Pressbaum/E."]

1. d4 d5 2. c4 c6 3. Nf3 Nf6 4. Nc3 e6 5. cxd5 exd5 6. Qc2 g6 7. Bg5 Be7 8. e3
Bf5 9. Bd3 Bxd3 10. Qxd3 Nbd7 11. Bh6 Bf8 12. Bxf8 Kxf8 13. b4 a6 14. O-O Kg7
15. Na4 Qe7 16. Nc5 Ra7 17. Rab1 Ne4 18. a4 Nd6 19. Ne5 Nb6 20. a5 Nbc8 21. f3
Rd8 22. e4 Nb5 23. Rbe1 Qd6 24. Qe3 b6 25. axb6 Nxb6 26. Ng4 dxe4 27. d5 cxd5
28. fxe4 Kh8 29. Rf6 Qb8 30. Qg5 dxe4 31. Nh6 Rd5 32. Rxb6 Qxh2+ 33. Kxh2 Rxg5
34. g4 Kg7 35. Nxf7 Kxf7 36. Rf1+ Ke8 37. Nxe4 Re5 38. Nf6+ Kd8 39. Rb8+ Kc7
40. Rh8 Kb6 41. Nxh7 Rd7 1/2-1/2

[Event "2. Bundesliga Ost 2014/2015"]
[Site "1020 Wien, Haus des Schachsports, Marathonweg 14"]
[Date "2014.10.18"]
[Round "1"]
[Board "2"]
[White "Rumpl, Erwin"]
[Black "Lipka, Juraj"]
[Result "1-0"]
[WhiteElo "2314"]
[BlackElo "2412"]
[PlyCount "73"]
[EventDate "2014.10.18"]
[EventType "team"]
[EventRounds "11"]
[EventCountry "AUT"]
[WhiteTeam "SC Data Technology Pressbaum/E."]
[BlackTeam "ASVOE Pamhagen"]

1. Nf3 d5 2. c4 d4 3. g3 Nc6 4. Bg2 e5 5. d3 Nf6 6. O-O a5 7. e3 Be7 8. exd4
exd4 9. Na3 Nd7 10. Nb5 Nc5 11. Re1 O-O 12. Bf4 Ne6 13. Rxe6 fxe6 14. Bxc7 Qd7
15. Ne5 Nxe5 16. Bxe5 Bf6 17. Qe2 Ra6 18. Re1 Rd8 19. Qg4 Qf7 20. Re4 Bxe5 21.
Rxe5 Rb6 22. a4 Bd7 23. Be4 Bc6 24. Qh4 Qf6 25. Qxh7+ Kf7 26. Qh5+ Ke7 27. f4
Qh6 28. Qxh6 gxh6 29. Kf2 Kf6 30. Kf3 Bxb5 31. axb5 a4 32. Rh5 Kg7 33. Rc5 Rd7
34. Rc8 e5 35. f5 Kf6 36. Rh8 Ke7 37. Ra8 1-0

[Event "2. Bundesliga Ost 2014/2015"]
[Site "1020 Wien, Haus des Schachsports, Marathonweg 14"]
[Date "2014.10.18"]
[Round "1"]
[Board "3"]
[White "Vitouch, Anatol"]
[Black "Neumeier, Klaus"]
[Result "1/2-1/2"]
[WhiteElo "2314"]
[BlackElo "2268"]
[PlyCount "49"]
[EventDate "2014.10.18"]
[EventType "team"]
[EventRounds "11"]
[EventCountry "AUT"]
[WhiteTeam "ASVOE Pamhagen"]
[BlackTeam "SC Data Technology Pressbaum/E."]

1. g3 g6 2. c4 Bg7 3. Bg2 e5 4. Nc3 Nc6 5. e4 d6 6. Nge2 h5 7. h4 Bg4 8. f3 Be6
9. d3 Nh6 10. Bg5 f6 11. Be3 Qd7 12. Qd2 f5 13. Nd5 Nf7 14. Rc1 Nd4 15. Nxd4
exd4 16. Bf2 fxe4 17. dxe4 c5 18. O-O O-O 19. f4 Nh6 20. Rce1 Rae8 21. Qd3 Bh3
22. Re2 Bg4 23. Ree1 Bh3 24. Re2 Bg4 25. Ree1 1/2-1/2

[Event "2. Bundesliga Ost 2014/2015"]
[Site "1020 Wien, Haus des Schachsports, Marathonweg 14"]
[Date "2014.10.18"]
[Round "1"]
[Board "4"]
[White "Weissenbeck, Manuel"]
[Black "Jacko, Vladimir"]
[Result "0-1"]
[WhiteElo "2213"]
[BlackElo "2269"]
[PlyCount "38"]
[EventDate "2014.10.18"]
[EventType "team"]
[EventRounds "11"]
[EventCountry "AUT"]
[WhiteTeam "SC Data Technology Pressbaum/E."]
[BlackTeam "ASVOE Pamhagen"]

1. d4 Nf6 2. Nf3 d6 3. Nc3 Nbd7 4. e4 e5 5. Bc4 Be7 6. h3 O-O 7. Be3 c6 8. dxe5
dxe5 9. a4 Qc7 10. O-O Nc5 11. Nd2 Ne6 12. Ne2 Rd8 13. Ng3 g6 14. c3 Nf4 15.
Qf3 h5 16. Rfe1 Nh7 17. Bxf4 exf4 18. e5 fxg3 19. Qxf7+ Kh8 0-1

[Event "2. Bundesliga Ost 2014/2015"]
[Site "1020 Wien, Haus des Schachsports, Marathonweg 14"]
[Date "2014.10.18"]
[Round "1"]
[Board "5"]
[White "Alvir, Aco"]
[Black "Hechl, Gerald"]
[Result "1-0"]
[WhiteElo "2343"]
[BlackElo "2180"]
[PlyCount "37"]
[EventDate "2014.10.18"]
[EventType "team"]
[EventRounds "11"]
[EventCountry "AUT"]
[WhiteTeam "ASVOE Pamhagen"]
[BlackTeam "SC Data Technology Pressbaum/E."]

1. e4 e6 2. d4 d5 3. Nc3 h6 4. Bd3 Nc6 5. Nf3 Nb4 6. exd5 Nxd3+ 7. Qxd3 exd5 8.
O-O Nf6 9. Ne5 Be7 10. Qg3 Bf5 11. Qxg7 Rh7 12. Qg3 c6 13. Re1 Be6 14. Qd3 Qc7
15. Bf4 Bd6 16. Bg3 Rg7 17. Qf3 Ne4 18. Nxe4 dxe4 19. Qf6 1-0

[Event "2. Bundesliga Ost 2014/2015"]
[Site "1020 Wien, Haus des Schachsports, Marathonweg 14"]
[Date "2014.10.18"]
[Round "1"]
[Board "6"]
[White "Schmidrathner, Christian"]
[Black "Kuthan, Andreas"]
[Result "1-0"]
[WhiteElo "2075"]
[BlackElo "2208"]
[PlyCount "53"]
[EventDate "2014.10.18"]
[EventType "team"]
[EventRounds "11"]
[EventCountry "AUT"]
[WhiteTeam "SC Data Technology Pressbaum/E."]
[BlackTeam "ASVOE Pamhagen"]

1. e4 e6 2. d4 d5 3. Nc3 Bb4 4. e5 c5 5. Qg4 Ne7 6. dxc5 Nbc6 7. Qxg7 Rg8 8.
Qxh7 d4 9. a3 Qa5 10. Rb1 Bxc5 11. b4 Nxb4 12. axb4 Bxb4 13. Nge2 Bd7 14. Qe4
Nc6 15. g3 Nxe5 16. Rxb4 Bc6 17. Rb5 Bxe4 18. Rxa5 Nf3+ 19. Kd1 dxc3 20. Nxc3
O-O-O+ 21. Bd3 f5 22. Rxa7 Kb8 23. Ra5 e5 24. Be3 Nd4 25. Bxd4 Bxh1 26. Bxe5+
Kc8 27. Ke2 1-0

[Event "2. Bundesliga Ost 2014/2015"]
[Site "1020 Wien, Haus des Schachsports, Marathonweg 14"]
[Date "2014.10.18"]
[Round "1"]
[Board "1"]
[White "Pacher, Milan"]
[Black "Loeffler, Stefan"]
[Result "1-0"]
[WhiteElo "2431"]
[BlackElo "2387"]
[PlyCount "53"]
[EventDate "2014.10.18"]
[EventType "team"]
[EventRounds "11"]
[EventCountry "AUT"]
[WhiteTeam "SK Austria"]
[BlackTeam "ASVOE VHS Poechlarn"]

1. e4 Nf6 2. e5 Nd5 3. c4 Nb6 4. c5 Nd5 5. Nc3 e6 6. d4 b6 7. Nxd5 exd5 8. cxb6
axb6 9. Nh3 d6 10. Nf4 dxe5 11. dxe5 Bb4+ 12. Bd2 Bxd2+ 13. Qxd2 O-O 14. Be2
Nc6 15. Qxd5 Qe8 16. Rc1 Bb7 17. O-O Ra5 18. Qd2 Rxe5 19. Bf3 g5 20. Nd3 Rf5
21. Rfe1 Qd7 22. Bg4 Rd8 23. Rcd1 Ba6 24. Qc3 Nd4 25. Ne5 Rxe5 26. Bxd7 Rxe1+
27. Qxe1 1-0

[Event "2. Bundesliga Ost 2014/2015"]
[Site "1020 Wien, Haus des Schachsports, Marathonweg 14"]
[Date "2014.10.18"]
[Round "1"]
[Board "2"]
[White "Weinzettl, Ernst"]
[Black "Hangweyrer, Manfred"]
[Result "1/2-1/2"]
[WhiteElo "2297"]
[BlackElo "2362"]
[PlyCount "64"]
[EventDate "2014.10.18"]
[EventType "team"]
[EventRounds "11"]
[EventCountry "AUT"]
[WhiteTeam "ASVOE VHS Poechlarn"]
[BlackTeam "SK Austria"]

1. e4 c5 2. Nf3 Nc6 3. Bb5 g6 4. Bxc6 dxc6 5. d3 Bg7 6. h3 e5 7. Be3 b6 8. Qd2
Qe7 9. a3 Nf6 10. Nc3 Nd7 11. Bh6 f6 12. Nh2 Nf8 13. Bxg7 Qxg7 14. f4 exf4 15.
Qxf4 Ne6 16. Qh4 Nd4 17. O-O O-O 18. Rf2 f5 19. exf5 Bxf5 20. Raf1 h6 21. Ng4
Bxg4 22. Qxg4 Rxf2 23. Rxf2 Rf8 24. Rxf8+ Kxf8 25. Qc8+ Kf7 26. Ne4 Qe5 27. c3
Ne2+ 28. Kf2 Nf4 29. Kf3 Nd5 30. Qd7+ Kg8 31. Qc8+ Kf7 32. Qd7+ Kg8 1/2-1/2

[Event "2. Bundesliga Ost 2014/2015"]
[Site "1020 Wien, Haus des Schachsports, Marathonweg 14"]
[Date "2014.10.18"]
[Round "1"]
[Board "3"]
[White "Plachetka, Jan"]
[Black "Ganaus, Hannes"]
[Result "1/2-1/2"]
[WhiteElo "2363"]
[BlackElo "2322"]
[PlyCount "63"]
[EventDate "2014.10.18"]
[EventType "team"]
[EventRounds "11"]
[EventCountry "AUT"]
[WhiteTeam "SK Austria"]
[BlackTeam "ASVOE VHS Poechlarn"]

1. c4 c5 2. Nc3 Nc6 3. g3 g6 4. Bg2 Bg7 5. Nf3 b6 6. O-O Bb7 7. e3 Bxc3 8. bxc3
d6 9. d3 Qd7 10. e4 O-O-O 11. a4 Nf6 12. Nd2 h5 13. Nb3 h4 14. a5 Rh5 15. axb6
axb6 16. f3 hxg3 17. hxg3 Rdh8 18. g4 R5h7 19. Bf4 e5 20. Bg3 Ne8 21. Rf2 f5
22. Rb2 f4 23. Be1 Rh2 24. Nd2 Rxg2+ 25. Kxg2 Qh7 26. Kf1 Qh1+ 27. Ke2 Rh2+ 28.
Bf2 Rxf2+ 29. Kxf2 Qh2+ 30. Ke1 Qh4+ 31. Kf1 Qh1+ 32. Ke2 1/2-1/2

[Event "2. Bundesliga Ost 2014/2015"]
[Site "1020 Wien, Haus des Schachsports, Marathonweg 14"]
[Date "2014.10.18"]
[Round "1"]
[Board "4"]
[White "Wilke, Werner"]
[Black "Druckenthaner, Andreas"]
[Result "1/2-1/2"]
[WhiteElo "2225"]
[BlackElo "2321"]
[PlyCount "28"]
[EventDate "2014.10.18"]
[EventType "team"]
[EventRounds "11"]
[EventCountry "AUT"]
[WhiteTeam "ASVOE VHS Poechlarn"]
[BlackTeam "SK Austria"]

1. c4 g6 2. Nc3 Bg7 3. d4 d6 4. e4 Nf6 5. Nf3 O-O 6. Be2 e5 7. dxe5 dxe5 8.
Qxd8 Rxd8 9. Bg5 Re8 10. h3 Na6 11. Be3 Bf8 12. Bg5 Bg7 13. Be3 Bf8 14. Bg5 Bg7
 1/2-1/2

[Event "2. Bundesliga Ost 2014/2015"]
[Site "1020 Wien, Haus des Schachsports, Marathonweg 14"]
[Date "2014.10.18"]
[Round "1"]
[Board "5"]
[White "Liedl, Wolfgang"]
[Black "Loidl, Florian"]
[Result "0-1"]
[WhiteElo "2226"]
[BlackElo "2208"]
[PlyCount "40"]
[EventDate "2014.10.18"]
[EventType "team"]
[EventRounds "11"]
[EventCountry "AUT"]
[WhiteTeam "SK Austria"]
[BlackTeam "ASVOE VHS Poechlarn"]

1. d4 c6 2. c4 d5 3. Nf3 Nf6 4. Nc3 dxc4 5. a4 Bf5 6. Ne5 e6 7. f3 Bb4 8. e4
Bxe4 9. fxe4 Nxe4 10. Qf3 Qxd4 11. Qxf7+ Kd8 12. Bg5+ Nxg5 13. Qxg7 Qe3+ 14.
Kd1 Rf8 15. Nxc4 Qf4 16. Qxb7 Bxc3 17. bxc3 Ne4 18. Qxa8 Rf7 19. Bd3 Rd7 20.
Rf1 Qxf1+ 0-1

[Event "2. Bundesliga Ost 2014/2015"]
[Site "1020 Wien, Haus des Schachsports, Marathonweg 14"]
[Date "2014.10.18"]
[Round "1"]
[Board "1"]
[White "Tuncer, Ufuk"]
[Black "Zilka, Stepan"]
[Result "0-1"]
[WhiteElo "2322"]
[BlackElo "2521"]
[PlyCount "72"]
[EventDate "2014.10.18"]
[EventType "team"]
[EventRounds "11"]
[EventCountry "AUT"]
[WhiteTeam "SK Advisory Invest Baden"]
[BlackTeam "Blackburne Nickelsdorf"]

1. e4 e5 2. Nf3 Nc6 3. Bc4 Bc5 4. b4 Bxb4 5. c3 Bd6 6. d4 h6 7. O-O Nf6 8. dxe5
Bxe5 9. Bd5 d6 10. Bxc6+ bxc6 11. Nxe5 dxe5 12. Qa4 O-O 13. Rd1 Qe8 14. Ba3 c5
15. Qc4 Be6 16. Qa6 Nxe4 17. f3 Nd6 18. Bxc5 Bc4 19. Qa3 Qc6 20. Nd2 Be2 21.
Bxd6 cxd6 22. Re1 Bd3 23. c4 Bg6 24. Rac1 Rfc8 25. Nb3 Qb6+ 26. Kh1 Rc6 27. c5
dxc5 28. Rxe5 c4 29. Na5 Rc7 30. Qc3 Bd3 31. h3 Qf2 32. a3 Rb8 33. Rd5 Re8 34.
Rg1 Rc5 35. Rd7 Rce5 36. Nc6 Re1 0-1

[Event "2. Bundesliga Ost 2014/2015"]
[Site "1020 Wien, Haus des Schachsports, Marathonweg 14"]
[Date "2014.10.18"]
[Round "1"]
[Board "2"]
[White "Schwarhofer, Christopher"]
[Black "Sharashenidze, Akaki"]
[Result "0-1"]
[WhiteElo "2394"]
[BlackElo "2304"]
[PlyCount "70"]
[EventDate "2014.10.18"]
[EventType "team"]
[EventRounds "11"]
[EventCountry "AUT"]
[WhiteTeam "Blackburne Nickelsdorf"]
[BlackTeam "SK Advisory Invest Baden"]

1. e4 d6 2. d4 Nf6 3. Nc3 e5 4. Nf3 Nbd7 5. Bc4 exd4 6. Qxd4 Be7 7. Bxf7+ Kxf7
8. Ng5+ Ke8 9. Ne6 c5 10. Qe3 Qb6 11. Nxg7+ Kf7 12. Nf5 Ne5 13. Nxe7 Kxe7 14.
Qh6 Nf7 15. Qg7 h6 16. f4 Be6 17. e5 dxe5 18. fxe5 Nd5 19. O-O Nxc3 20. bxc3
Rhg8 21. Qf6+ Ke8 22. Bxh6 Nxh6 23. Rad1 c4+ 24. Kh1 Qc6 25. Rg1 Bd5 26. Rxd5
Qxd5 27. Qxh6 Rd8 28. Qh5+ Qf7 29. Qe2 Qg6 30. h3 Qe6 31. Rf1 Rd7 32. Rf6 Qd5
33. Kh2 Kd8 34. Rf4 Qd2 35. Qf3 Rxg2+ 0-1

[Event "2. Bundesliga Ost 2014/2015"]
[Site "1020 Wien, Haus des Schachsports, Marathonweg 14"]
[Date "2014.10.18"]
[Round "1"]
[Board "3"]
[White "Dzierzenga, Stefan"]
[Black "Lendwai, Reinhard"]
[Result "0-1"]
[WhiteElo "2181"]
[BlackElo "2347"]
[PlyCount "68"]
[EventDate "2014.10.18"]
[EventType "team"]
[EventRounds "11"]
[EventCountry "AUT"]
[WhiteTeam "SK Advisory Invest Baden"]
[BlackTeam "Blackburne Nickelsdorf"]

1. e4 c6 2. Ne2 g6 3. d4 Bg7 4. Nbc3 d6 5. Be3 b5 6. g3 Nd7 7. Bg2 Bb7 8. O-O
Ngf6 9. a3 O-O 10. h3 e5 11. Qd2 Qc7 12. Rad1 Rfe8 13. Bg5 a6 14. Kh2 Rad8 15.
Qc1 Bh8 16. Rfe1 exd4 17. Nxd4 c5 18. Nb3 b4 19. axb4 cxb4 20. Nd5 Bxd5 21.
exd5 a5 22. Nd4 Ra8 23. Nc6 Nc5 24. Rxe8+ Rxe8 25. Re1 Nce4 26. Bxf6 Nxf6 27.
Rxe8+ Nxe8 28. b3 Nf6 29. Qe3 h5 30. Qd3 Qb6 31. Qe3 Qb5 32. Qd2 Nd7 33. Kg1
Ne5 34. Qg5 Nxc6 0-1

[Event "2. Bundesliga Ost 2014/2015"]
[Site "1020 Wien, Haus des Schachsports, Marathonweg 14"]
[Date "2014.10.18"]
[Round "1"]
[Board "5"]
[White "Juenger, Heinz"]
[Black "Bachofner, Andreas"]
[Result "1/2-1/2"]
[WhiteElo "2110"]
[BlackElo "2180"]
[PlyCount "84"]
[EventDate "2014.10.18"]
[EventType "team"]
[EventRounds "11"]
[EventCountry "AUT"]
[WhiteTeam "SK Advisory Invest Baden"]
[BlackTeam "Blackburne Nickelsdorf"]

1. d4 e6 2. e4 d5 3. Nd2 Nf6 4. e5 Nfd7 5. Bd3 c5 6. c3 Nc6 7. Ne2 cxd4 8. cxd4
f6 9. Nf4 Nxd4 10. Qh5+ Ke7 11. exf6+ Nxf6 12. Ng6+ hxg6 13. Qxh8 Kf7 14. Qh4
e5 15. Nf3 Nxf3+ 16. gxf3 Bf5 17. Bxf5 gxf5 18. Bg5 Qb6 19. O-O Qe6 20. Rfd1 d4
21. f4 Ne4 22. fxe5 Nxg5 23. Qxg5 Qxe5 24. Qg3 Bd6 25. Qg2 Rh8 26. h3 Kf6 27.
Rd3 Rh6 28. Rad1 Rg6 29. Rg3 Rxg3 30. Qxg3 g5 31. Qf3 b6 32. Kf1 Qb5+ 33. Qe2
Qd5 34. Kg1 Be5 35. b3 Qe4 36. Qc4 Qf4 37. Kf1 Qh2 38. Qc6+ Ke7 39. Qf3 Ke6 40.
Qc6+ Ke7 41. Qf3 Ke6 42. Qc6+ Ke7 1/2-1/2

[Event "2. Bundesliga Ost 2014/2015"]
[Site "1020 Wien, Haus des Schachsports, Marathonweg 14"]
[Date "2014.10.18"]
[Round "1"]
[Board "6"]
[White "Koffler, Daniel"]
[Black "Herndlbauer, Martin"]
[Result "1/2-1/2"]
[WhiteElo "2170"]
[BlackElo "2110"]
[PlyCount "76"]
[EventDate "2014.10.18"]
[EventType "team"]
[EventRounds "11"]
[EventCountry "AUT"]
[WhiteTeam "Blackburne Nickelsdorf"]
[BlackTeam "SK Advisory Invest Baden"]

1. d4 d5 2. c4 c6 3. Nf3 Nf6 4. Nbd2 Bf5 5. Qb3 Qb6 6. g3 e6 7. Bg2 h6 8. O-O
Nbd7 9. Re1 Be7 10. Nh4 Bh7 11. e4 Nxe4 12. Nxe4 Bxe4 13. Bxe4 dxe4 14. Rxe4
Nf6 15. Re1 O-O 16. Nf3 Rfd8 17. Bf4 Qxb3 18. axb3 Bb4 19. Red1 Kf8 20. Kg2 Ke7
21. c5 Ne4 22. Nd2 g5 23. Be3 Nf6 24. Kf3 Nd5 25. h4 f6 26. Nc4 b6 27. hxg5
hxg5 28. Rh1 bxc5 29. Rh7+ Kf8 30. Rah1 Nxe3 31. fxe3 cxd4 32. Rh8+ Kg7 33.
R8h7+ Kg8 34. Rh8+ Kg7 35. R1h7+ Kg6 36. Rh6+ Kg7 37. R6h7+ Kg6 38. Rh6+ Kg7
 1/2-1/2

[Event "2. Bundesliga Ost 2014/2015"]
[Site "1020 Wien, Haus des Schachsports, Marathonweg 14"]
[Date "2014.10.18"]
[Round "1"]
[Board "2"]
[White "Polak, Thomas"]
[Black "Pingitzer, Harald"]
[Result "1-0"]
[WhiteElo "2513"]
[BlackElo "2269"]
[PlyCount "81"]
[EventDate "2014.10.18"]
[EventType "team"]
[EventRounds "11"]
[EventCountry "AUT"]
[WhiteTeam "Zwettl"]
[BlackTeam "SC Donaustadt"]

1. d4 d5 2. c4 c6 3. Nf3 e6 4. e3 f5 5. Bd3 Nf6 6. O-O Nbd7 7. cxd5 cxd5 8. b3
a6 9. Ba3 Bxa3 10. Nxa3 Qe7 11. Nc2 O-O 12. Qc1 Ne4 13. Qb2 g5 14. Ne5 g4 15.
f3 gxf3 16. gxf3 Nxe5 17. dxe5 Nc5 18. Be2 Bd7 19. Kh1 Be8 20. Nd4 Bg6 21. Rg1
Rac8 22. Qd2 Kf7 23. Rg3 Qc7 24. b4 Na4 25. f4 Qc3 26. Qd1 Nb2 27. Qg1 Nd3 28.
Rd1 Nb2 29. Rb1 Qd2 30. Rg2 Qc3 31. h4 Ke7 32. h5 Bf7 33. Rg7 h6 34. Qg3 Kd7
35. b5 a5 36. b6 Nc4 37. Qg6 Rce8 38. Bxc4 Qxe3 39. Rxf7+ Kc8 40. Rc7+ Kb8 41.
Rxb7+ 1-0

[Event "2. Bundesliga Ost 2014/2015"]
[Site "1020 Wien, Haus des Schachsports, Marathonweg 14"]
[Date "2014.10.18"]
[Round "1"]
[Board "3"]
[White "Kummer, Helmut"]
[Black "Blatny, Pavel"]
[Result "0-1"]
[WhiteElo "2354"]
[BlackElo "2414"]
[PlyCount "54"]
[EventDate "2014.10.18"]
[EventType "team"]
[EventRounds "11"]
[EventCountry "AUT"]
[WhiteTeam "SC Donaustadt"]
[BlackTeam "Zwettl"]

1. d4 d5 2. c4 e6 3. Nc3 Bb4 4. cxd5 exd5 5. Nf3 Nf6 6. Bg5 h6 7. Bxf6 Qxf6 8.
e3 c6 9. Be2 Bg4 10. O-O O-O 11. Rc1 Re8 12. Ne5 Bxe2 13. Qxe2 Qe7 14. Qh5 Bd6
15. Nd3 Nd7 16. Rfd1 Nf6 17. Qh3 Rad8 18. g3 Nh7 19. Qg2 Ng5 20. Nf4 Qd7 21. h4
Nh7 22. Qh3 Bxf4 23. Qxd7 Rxd7 24. gxf4 Rd6 25. Kg2 Rg6+ 26. Kh3 Rge6 27. Rg1
Nf6 {Rest unleserlich.} 0-1

[Event "2. Bundesliga Ost 2014/2015"]
[Site "1020 Wien, Haus des Schachsports, Marathonweg 14"]
[Date "2014.10.18"]
[Round "1"]
[Board "4"]
[White "Buchnicek, Petr"]
[Black "Karlusch, Albrecht"]
[Result "1-0"]
[WhiteElo "2316"]
[BlackElo "2129"]
[PlyCount "59"]
[EventDate "2014.10.18"]
[EventType "team"]
[EventRounds "11"]
[EventCountry "AUT"]
[WhiteTeam "Zwettl"]
[BlackTeam "SC Donaustadt"]

1. e4 e6 2. d4 d5 3. e5 c5 4. c3 Nc6 5. Nf3 Qb6 6. a3 c4 7. Nbd2 Na5 8. g3 Bd7
9. Bh3 Ne7 10. O-O h6 11. Nh4 g5 12. Ng2 h5 13. g4 hxg4 14. Bxg4 Ng6 15. Rb1
Rg8 16. Nf3 Be7 17. Qe2 Qd8 18. h3 Nb3 19. Be3 a5 20. Nh2 b5 21. f4 b4 22. axb4
axb4 23. fxg5 Bxg5 24. Rf2 bxc3 25. bxc3 Ra7 26. Rbf1 Ba4 27. Bh5 Nh8 28. Ng4
Bxe3 29. Qxe3 Kf8 30. Qh6+ 1-0

[Event "2. Bundesliga Ost 2014/2015"]
[Site "1020 Wien, Haus des Schachsports, Marathonweg 14"]
[Date "2014.10.18"]
[Round "1"]
[Board "5"]
[White "Schwab, Rene"]
[Black "Lipp, Alfred"]
[Result "0-1"]
[WhiteElo "2217"]
[BlackElo "2118"]
[PlyCount "120"]
[EventDate "2014.10.18"]
[EventType "team"]
[EventRounds "11"]
[EventCountry "AUT"]
[WhiteTeam "SC Donaustadt"]
[BlackTeam "Zwettl"]

1. e4 c5 2. Nf3 d6 3. Bb5+ Bd7 4. a4 a6 5. Bc4 Nc6 6. O-O Nf6 7. Re1 e6 8. Nc3
Be7 9. b3 O-O 10. Bb2 Qc7 11. d4 cxd4 12. Nxd4 Nxd4 13. Qxd4 b6 14. Re3 d5 15.
exd5 Bc5 16. Qh4 Bxe3 17. fxe3 exd5 18. Bd3 h6 19. Nxd5 Nxd5 20. Qe4 f5 21.
Qxd5+ Kh8 22. Be5 Qc6 23. Qd4 Rf7 24. Qh4 Re8 25. Bd4 b5 26. axb5 axb5 27. Qh5
Kg8 28. c4 bxc4 29. bxc4 Ra8 30. Rxa8+ Qxa8 31. Qh4 Qa3 32. Be2 f4 33. e4 Qe7
34. Qxe7 Rxe7 35. e5 Bc6 36. Kf2 g5 37. Bh5 Be4 38. Bf3 Bxf3 39. Kxf3 Kf7 40.
h4 Rd7 41. Bb6 Ke6 42. hxg5 hxg5 43. Kg4 Kxe5 44. g3 Ke4 45. c5 f3 46. c6 Rc7
47. Bxc7 f2 48. Bf4 f1=Q 49. c7 Qc4 50. Kxg5 Qe6 51. Kh4 Qd7 52. Kg5 Qf5+ 53.
Kh6 Qd7 54. Kg6 Kd5 55. Kf6 Qe6+ 56. Kg5 Ke4 57. Kh4 Kf5 58. Kh3 Qc6 59. Kh2
Kg4 60. Kg1 Kf3 0-1

[Event "2. Bundesliga Ost 2014/2015"]
[Site "1020 Wien, Haus des Schachsports, Marathonweg 14"]
[Date "2014.10.18"]
[Round "1"]
[Board "6"]
[White "Allram, Sebastian"]
[Black "Hofbauer, Peter"]
[Result "1/2-1/2"]
[WhiteElo "2004"]
[BlackElo "2041"]
[PlyCount "41"]
[EventDate "2014.10.18"]
[EventType "team"]
[EventRounds "11"]
[EventCountry "AUT"]
[WhiteTeam "Zwettl"]
[BlackTeam "SC Donaustadt"]

1. c4 e5 2. Nc3 Nf6 3. e3 c6 4. Nf3 e4 5. Nd4 d5 6. cxd5 cxd5 7. d3 Be7 8. Qc2
exd3 9. Bxd3 O-O 10. O-O Nc6 11. Nxc6 bxc6 12. b3 Be6 13. Bb2 c5 14. Rad1 Qa5
15. Bf5 Bxf5 16. Qxf5 Rfd8 17. Qe5 Bf8 18. h3 Re8 19. Qf5 Rad8 20. g4 Qc7 21.
Nxd5 1/2-1/2

[Event "2. Bundesliga Ost 2014/2015"]
[Site "1020 Wien, Haus des Schachsports, Marathonweg 14"]
[Date "2014.10.18"]
[Round "1"]
[Board "1"]
[White "Papp, Gabor"]
[Black "Sadilek, Peter"]
[Result "1-0"]
[WhiteElo "2559"]
[BlackElo "2283"]
[PlyCount "61"]
[EventDate "2014.10.18"]
[EventType "team"]
[EventRounds "11"]
[EventCountry "AUT"]
[WhiteTeam "ASVOE Mattersburg"]
[BlackTeam "tschaturanga"]

1. e4 e5 2. Nf3 Nc6 3. Bb5 f5 4. d3 fxe4 5. dxe4 Nf6 6. O-O Bc5 7. Bxc6 bxc6 8.
Nxe5 O-O 9. Nc3 d6 10. Nd3 Bd4 11. Ne2 Bb6 12. Bg5 Qe8 13. Bxf6 Rxf6 14. Ng3
Ba6 15. Qd2 Qf7 16. b3 Bxd3 17. cxd3 Bd4 18. Rac1 g6 19. Rxc6 Rf8 20. Rc2 Qd7
21. Qg5 Kh8 22. Qd5 c5 23. e5 Bxe5 24. Rxc5 Qg4 25. Rc4 Rf4 26. Rxf4 Qxf4 27.
Qe4 Qd2 28. Qe2 Qf4 29. Qe3 Qb4 30. Qxa7 Bd4 31. Qe7 1-0

[Event "2. Bundesliga Ost 2014/2015"]
[Site "1020 Wien, Haus des Schachsports, Marathonweg 14"]
[Date "2014.10.18"]
[Round "1"]
[Board "2"]
[White "Karner, Christoph"]
[Black "Fodor, Tamas"]
[Result "0-1"]
[WhiteElo "2333"]
[BlackElo "2490"]
[PlyCount "106"]
[EventDate "2014.10.18"]
[EventType "team"]
[EventRounds "11"]
[EventCountry "AUT"]
[WhiteTeam "tschaturanga"]
[BlackTeam "ASVOE Mattersburg"]

1. d4 d5 2. c4 e6 3. Nf3 c6 4. e3 Nf6 5. Nc3 Nbd7 6. Bd3 dxc4 7. Bxc4 b5 8. Bd3
Bb7 9. O-O Bd6 10. a3 O-O 11. Qc2 Re8 12. h3 h6 13. Bd2 a5 14. Rfe1 Rc8 15. e4
e5 16. Ne2 c5 17. dxe5 Nxe5 18. Nxe5 Bxe5 19. Bxb5 Bxe4 20. Qc1 Re7 21. Nc3 Bb7
22. Bc4 Qd4 23. Nb5 Qh4 24. Qc2 Ng4 25. Qf5 Bh2+ 26. Kf1 Ne3+ 27. Rxe3 Qxc4+
28. Qd3 Bd5 29. b3 Rxe3 30. Qxc4 Bxc4+ 31. bxc4 Rd3 32. Ke2 Rd7 33. Bxa5 Be5
34. Rd1 Rxd1 35. Kxd1 Ra8 36. Bb6 Ra4 37. Bxc5 Rxc4 38. Bb4 f5 39. Kd2 Kf7 40.
Kd3 Rc1 41. a4 Ke6 42. Nc3 Rf1 43. a5 Rxf2 44. Kc4 Rxg2 45. a6 Bxc3 46. Bxc3
Ra2 47. Kb5 f4 48. Bd4 f3 49. a7 g5 50. Kb4 h5 51. Bb6 Rxa7 52. Bxa7 g4 53.
hxg4 h4 0-1

[Event "2. Bundesliga Ost 2014/2015"]
[Site "1020 Wien, Haus des Schachsports, Marathonweg 14"]
[Date "2014.10.18"]
[Round "1"]
[Board "3"]
[White "Petran, Peter"]
[Black "Wukits, Rene"]
[Result "1/2-1/2"]
[WhiteElo "2330"]
[BlackElo "2348"]
[PlyCount "87"]
[EventDate "2014.10.18"]
[EventType "team"]
[EventRounds "11"]
[EventCountry "AUT"]
[WhiteTeam "ASVOE Mattersburg"]
[BlackTeam "tschaturanga"]

1. c4 Nf6 2. Nc3 e6 3. Nf3 c5 4. g3 b6 5. Bg2 Bb7 6. O-O Be7 7. b3 O-O 8. Bb2
a6 9. e3 d6 10. d4 cxd4 11. exd4 Nbd7 12. d5 e5 13. b4 Ne8 14. Nd2 f5 15. f4
Rc8 16. Qe2 g6 17. Rac1 Bf6 18. Nb3 Ng7 19. Nd1 Re8 20. Qd2 Kh8 21. a3 Qe7 22.
Re1 g5 23. Nd4 gxf4 24. gxf4 Rg8 25. Nc6 Qe8 26. Rc3 Nh5 27. fxe5 dxe5 28. Rf3
Rxc6 29. dxc6 Bxc6 30. Rf2 Qg6 31. Kh1 e4 32. Ref1 f4 33. Rxf4 Nxf4 34. Rxf4 e3
35. Nxe3 Qb1+ 36. Bc1 Bxg2+ 37. Nxg2 Qg6 38. Rf1 Be5 39. Bb2 Qg7 40. Bxe5 Nxe5
41. c5 bxc5 42. bxc5 Nc4 43. Qf2 Nxa3 44. Qf6 1/2-1/2